| 000 | 00804cam a22002535a 4500 | ||
|---|---|---|---|
| 001 | 18287907 | ||
| 005 | 20170209152635.0 | ||
| 008 | 140903s2015 enka fr 001 0 eng d | ||
| 020 | _a9781138784727 | ||
| 040 |
_aDLC _beng _cDLC _dDLC _dEG-ScBUE |
||
| 082 | 0 | 4 |
_222 _a670.423 _bBLA |
| 100 | 1 |
_aBlack, Bruce J. _99048 |
|
| 245 | 1 | 0 |
_aWorkshop processes, practices and materials / _cBruce J. Black. |
| 246 | 3 | _aWorkshop processes, practices, & materials | |
| 250 | _a5th ed. | ||
| 260 |
_aOxon ; _aNew York : _bRoutledge / Taylor & Francis Group, _c2015. |
||
| 300 |
_aix, 328 p. : _bill. ; _c25 cm. |
||
| 500 | _aIndex : p. 319-328. | ||
| 650 | 7 |
_aMachine-shop practice. _2BUEsh _95664 |
|
| 651 | _2BUEsh | ||
| 653 |
_bENGMEC _cNovember2015 _cFebruary2017 |
||
| 655 |
_vText book _933728 |
||
| 942 | _2ddc | ||
| 999 |
_c21004 _d20976 |
||